[Event "EU-Cup 34th"]
[Site "Porto Carras"]
[Date "2018.10.13"]
[Round "2.4"]
[White "Arnott, Jonathan"]
[Black "Klauner, Theo"]
[Result "1/2-1/2"]
[WhiteElo "2116"]
[BlackElo "2032"]
[PlyCount "138"]
[EventDate "2018.10.12"]
[EventType "team-swiss"]
[EventRounds "7"]
[EventCountry "GRE"]
[SourceTitle "CBM 187"]
[Source "ChessBase"]
[SourceDate "2018.12.11"]
[SourceVersion "1"]
[SourceVersionDate "2018.12.11"]
[SourceQuality "1"]
[WhiteTeam "White Rose"]
[BlackTeam "Dudelange"]
[WhiteTeamCountry "ENG"]
[BlackTeamCountry "LUX"]

1. e4 c5 2. g3 Nc6 3. Bg2 g6 4. d3 Bg7 5. f4 e6 6. Nf3 Nge7 7. c3 d5 8. e5 h5 9. Be3 b6 10. Na3 a6 11. Bf2 Bb7 12. d4 c4 13. Nc2 b5 14. Ne3 a5 15. b3 cxb3 16. axb3 Ba6 17. 0-0 0-0 18. Re1 Rc8 19. Bh3 Na7 20. Qd2 Qb6 21. c4 bxc4 22. Qxa5 Rc6 23. bxc4 dxc4 24. Nxc4 Bxc4 25. Qxb6 Rxb6 26. Rxa7 Nd5 27. Rc1 Bd3 28. Bf1 Bxf1 29. Kxf1 Rfb8 30. Ng5 R6b7 31. Rc8+ Rxc8 32. Rxb7 Rc7 33. Rxc7 Nxc7 34. Ne4 Nd5 35. Ke2 Bf8 36. Be1 Be7 37. Kd3 Kf8 38. Bd2 Nb6 39. Ba5 Nd5 40. Nc3 Nxc3 41. Kxc3 Ke8 42. Kc4 Kd7 43. d5 exd5+ 44. Kxd5 Ba3 45. Bd2 Bb2 46. h3 Ba3 47. Be3 Bb4 48. g4 hxg4 49. hxg4 Bc3 50. f5 gxf5 51. gxf5 Bb2 52. Bg5 Bc3 53. Bf6 Bb4 54. Ke4 Bd2 55. Kf3 Bc1 56. Kg4 Bd2 57. Kh5 Bf4 58. Kg4 Bd2 59. Bg5 Bc3 60. Bf4 Bd4 61. Kh5 Ke7 62. Kh6 Bc3 63. Kg7 Bb2 64. Bg5+ Ke8 65. Bf6 Bc3 66. Kg8 Bb2 67. Bg7 Bc3 68. Bf6 Bb2 69. e6 fxe6 1/2-1/2

[Event "BCF-chT2 1718 (4NCL) Demotion pool"]
[Site "England"]
[Date "2018.05.06"]
[Round "10.54"]
[White "Arnott, Jonathan"]
[Black "Brooks, Phil J"]
[Result "0-1"]
[WhiteElo "2112"]
[BlackElo "2170"]
[PlyCount "118"]
[EventDate "2017.11.11"]
[EventType "team-tourn"]
[EventRounds "11"]
[EventCountry "ENG"]
[SourceTitle "EXT 2020"]
[Source "ChessBase"]
[SourceDate "2019.10.17"]
[SourceVersion "1"]
[SourceVersionDate "2019.10.17"]
[SourceQuality "1"]
[WhiteTeam "White Rose II"]
[BlackTeam "Warwicks Select"]
[WhiteTeamCountry "ENG"]
[BlackTeamCountry "ENG"]

1. e4 e6 2. d4 d5 3. Nd2 c5 4. exd5 Qxd5 5. Ngf3 cxd4 6. Bc4 Qd7 7. 0-0 Nc6 8. Nb3 a6 9. Nbxd4 Nxd4 10. Qxd4 Qxd4 11. Nxd4 Bd7 12. Re1 Ne7 13. Bf4 Ng6 14. Bg3 Be7 15. Rad1 Rd8 16. Bd3 0-0 17. Be4 Bc8 18. Bxg6 hxg6 19. Nf3 f6 20. Bc7 Rxd1 21. Rxd1 e5 22. Rd2 Re8 23. Bd6 Bd8 24. c4 Be6 25. b3 g5 26. Ne1 Bb6 27. c5 Ba5 28. Re2 Bf5 29. f3 Bc3 30. Nc2 Rc8 31. g4 Bg6 32. Kg2 Kf7 33. Re3 Bb2 34. Re2 Ke6 35. b4 Bc3 36. Re3 Bb2 37. Re2 Bc3 38. Re3 Bb2 39. Rb3 Bc1 40. Ne3 Be8 41. Nf5 Ba4 42. Rc3 Bb2 43. Rd3 g6 44. Ne7 Re8 45. Nxg6 Kf7 46. Nf8 Rxf8 47. Bxf8 Kxf8 48. Rd6 Ke7 49. Rb6 Bc6 50. a4 e4 51. b5 exf3+ 52. Kf1 axb5 53. axb5 Be4 54. c6 Bd3+ 55. Ke1 Bc3+ 56. Kf2 Bd4+ 57. Kxf3 Bxb6 58. cxb7 Bc7 59. b6 Bb8 0-1

[Event "BCF-chT2 1718 (4NCL) Demotion pool"]
[Site "England"]
[Date "2018.05.05"]
[Round "9.54"]
[White "Bullen, Alex"]
[Black "Arnott, Jonathan"]
[Result "0-1"]
[WhiteElo "2148"]
[BlackElo "2112"]
[PlyCount "64"]
[EventDate "2017.11.11"]
[EventType "team-tourn"]
[EventRounds "11"]
[EventCountry "ENG"]
[SourceTitle "EXT 2020"]
[Source "ChessBase"]
[SourceDate "2019.10.17"]
[SourceVersion "1"]
[SourceVersionDate "2019.10.17"]
[SourceQuality "1"]
[WhiteTeam "West is Best II"]
[BlackTeam "White Rose II"]
[WhiteTeamCountry "WLS"]
[BlackTeamCountry "ENG"]

1. d4 d5 2. Bf4 c6 3. e3 Qb6 4. Qc1 g6 5. c3 Bg7 6. Bd3 Nd7 7. Nf3 Ngf6 8. h3 Ne4 9. Bxe4 dxe4 10. Ng5 e5 11. dxe5 Nxe5 12. Bxe5 Bxe5 13. Nxe4 Bf5 14. Ned2 Bd3 15. Na3 0-0 16. Nac4 Qc5 17. b4 Qd5 18. Nxe5 Qxe5 19. Nf3 Qf6 20. Nd4 a5 21. Qd1 Bc4 22. a3 Rfd8 23. Qf3 Qe7 24. Qg4 Qf6 25. f4 axb4 26. Qg5 Qxg5 27. fxg5 c5 28. Nf3 Rxa3 29. Kf2 Rxc3 30. Ne5 Rd2+ 31. Ke1 Rxg2 32. Nd7 Rxe3+ 0-1

[Event "BCF-chT2a 1718 (4NCL)"]
[Site "England"]
[Date "2018.02.11"]
[Round "6.36"]
[White "Kafka, Graeme"]
[Black "Arnott, Jonathan"]
[Result "1-0"]
[WhiteElo "2066"]
[BlackElo "2105"]
[PlyCount "79"]
[EventDate "2017.11.11"]
[EventType "team-tourn"]
[EventRounds "7"]
[EventCountry "ENG"]
[SourceTitle "EXT 2020"]
[Source "ChessBase"]
[SourceDate "2019.10.17"]
[SourceVersion "1"]
[SourceVersionDate "2019.10.17"]
[SourceQuality "1"]
[WhiteTeam "Grantham Sharks II"]
[BlackTeam "White Rose II"]
[WhiteTeamCountry "ENG"]
[BlackTeamCountry "ENG"]

1. e4 e6 2. d4 d5 3. e5 c5 4. c3 Nc6 5. Nf3 Qb6 6. a3 Nh6 7. b4 cxd4 8. cxd4 Nf5 9. Bb2 Bd7 10. g4 Nfe7 11. Nc3 Na5 12. Nd2 Rc8 13. Rc1 Ng6 14. h4 Be7 15. g5 h6 16. gxh6 gxh6 17. h5 Nh4 18. Rc2 Nc4 19. Bxc4 dxc4 20. Nde4 Bc6 21. Rxh4 Bxh4 22. Nd6+ Ke7 23. Nxc8+ Rxc8 24. d5 Rg8 25. Kf1 Bd7 26. Rd2 Kf8 27. Qf3 exd5 28. Nxd5 Qc6 29. Bd4 Bg4 30. Qe4 Qe6 31. Nf4 Qa6 32. Bc3 Qxa3 33. Bb2 Qf3 34. Qxf3 Bxf3 35. e6 fxe6 36. Ng6+ Ke8 37. Nxh4 Bxh5 38. Ng2 Bf3 39. Nf4 Rg4 40. Ne2 1-0

[Event "BCF-chT2b 1617 (4NCL)"]
[Site "England"]
[Date "2017.02.12"]
[Round "6.73"]
[White "Bak, Christopher"]
[Black "Arnott, Jonathan"]
[Result "1-0"]
[WhiteElo "2018"]
[BlackElo "2127"]
[PlyCount "51"]
[EventDate "2016.11.19"]
[EventType "team-tourn"]
[EventRounds "11"]
[EventCountry "ENG"]
[SourceTitle "EXT 2019"]
[Source "ChessBase"]
[SourceDate "2018.10.10"]
[SourceVersion "1"]
[SourceVersionDate "2018.10.10"]
[SourceQuality "1"]
[WhiteTeam "Bradford DCA Knights"]
[BlackTeam "White Rose II"]
[WhiteTeamCountry "ENG"]
[BlackTeamCountry "ENG"]

1. c4 Nf6 2. Nf3 c6 3. g3 d5 4. Bg2 dxc4 5. 0-0 g6 6. Na3 Bg7 7. Nxc4 0-0 8. d3 Nbd7 9. Bd2 a5 10. Qc2 Nd5 11. d4 b5 12. Nce5 Nxe5 13. Nxe5 Bxe5 14. dxe5 Ra6 15. Rac1 Be6 16. Rfd1 Qb8 17. Qc5 Re8 18. a3 Qb7 19. Qd4 Rc8 20. Rc5 Nc7 21. Bh6 Bb3 22. Rxb5 Qxb5 23. Qd8+ Ne8 24. Qxc8 c5 25. Rd8 Ba4 26. b3 1-0

[Event "BCF-chT2b 1617 (4NCL)"]
[Site "England"]
[Date "2017.01.15"]
[Round "4.64"]
[White "Arnott, Jonathan"]
[Black "McKay, Roderick M"]
[Result "1/2-1/2"]
[WhiteElo "2127"]
[BlackElo "2340"]
[PlyCount "58"]
[EventDate "2016.11.19"]
[EventType "team-tourn"]
[EventRounds "11"]
[EventCountry "ENG"]
[SourceTitle "EXT 2019"]
[Source "ChessBase"]
[SourceDate "2018.10.10"]
[SourceVersion "1"]
[SourceVersionDate "2018.10.10"]
[SourceQuality "1"]
[WhiteTeam "White Rose II"]
[BlackTeam "Alba"]
[WhiteTeamCountry "ENG"]
[BlackTeamCountry "SCO"]

1. e4 c5 2. c3 d6 3. d4 Nf6 4. Bd3 Nc6 5. Ne2 g6 6. 0-0 Bg7 7. dxc5 dxc5 8. Be3 Ne5 9. Bb5+ Bd7 10. Bxd7+ Qxd7 11. Bxc5 Nxe4 12. Qxd7+ Nxd7 13. Be3 0-0 14. Rd1 Rfd8 15. Na3 Nd6 16. Rd2 Nb6 17. Rad1 Rdc8 18. Bxb6 axb6 19. Nf4 Bxc3 20. bxc3 Rxa3 21. Nd5 Re8 22. Nxe7+ Rxe7 23. Rxd6 Rxa2 24. Rxb6 Rc2 25. g3 Rxc3 26. Rdb1 Rcc7 27. h4 h5 28. Kg2 Kg7 29. R1b3 Red7 1/2-1/2

[Event "BCF-chT2b 1617 (4NCL)"]
[Site "England"]
[Date "2016.11.20"]
[Round "2.71"]
[White "Zhang, Anthony"]
[Black "Arnott, Jonathan"]
[Result "1-0"]
[WhiteElo "2226"]
[BlackElo "2127"]
[PlyCount "95"]
[EventDate "2016.11.19"]
[EventType "team-tourn"]
[EventRounds "11"]
[EventCountry "ENG"]
[SourceTitle "EXT 2019"]
[Source "ChessBase"]
[SourceDate "2018.10.10"]
[SourceVersion "1"]
[SourceVersionDate "2018.10.10"]
[SourceQuality "1"]
[WhiteTeam "Guildford III"]
[BlackTeam "White Rose II"]
[WhiteTeamCountry "ENG"]
[BlackTeamCountry "ENG"]

1. Nf3 Nf6 2. c4 c6 3. g3 d5 4. Bg2 dxc4 5. 0-0 g6 6. Na3 Bg7 7. Nxc4 0-0 8. d4 Be6 9. b3 Ne4 10. Bb2 Nd7 11. Nfe5 Nxe5 12. Nxe5 Bxe5 13. dxe5 Nc5 14. Qxd8 Rfxd8 15. Ba3 Na6 16. Bxe7 Rd2 17. Bf3 Re8 18. Bg5 Rb2 19. Rfb1 Rxb1+ 20. Rxb1 Bf5 21. Rd1 Rxe5 22. g4 Bc2 23. Rd8+ Kg7 24. Be3 Re7 25. g5 f5 26. Bd4+ Kf7 27. Bxa7 Be4 28. Kg2 Ke6 29. Bxe4 fxe4 30. Bd4 Kf5 31. Rf8+ Ke6 32. Bf6 Rd7 33. Re8+ Kf7 34. Rxe4 Nc5 35. Rc4 Ne6 36. Rh4 Nf8 37. Rf4 Ne6 38. Rh4 Nf8 39. Bc3 Rd5 40. Rf4+ Ke7 41. h4 Ne6 42. Re4 Kd6 43. Ra4 Rf5 44. e3 Nc7 45. Rd4+ Ke7 46. Kg3 Nb5 47. Re4+ Kd7 48. Bf6 1-0

[Event "BCF-chT2b 1617 (4NCL)"]
[Site "England"]
[Date "2016.11.19"]
[Round "1.61"]
[White "Arnott, Jonathan"]
[Black "Bisby, Daniel L"]
[Result "0-1"]
[WhiteElo "2127"]
[BlackElo "2311"]
[PlyCount "68"]
[EventDate "2016.11.19"]
[EventType "team-tourn"]
[EventRounds "11"]
[EventCountry "ENG"]
[SourceTitle "EXT 2019"]
[Source "ChessBase"]
[SourceDate "2018.10.10"]
[SourceVersion "1"]
[SourceVersionDate "2018.10.10"]
[SourceQuality "1"]
[WhiteTeam "White Rose II"]
[BlackTeam "Cambridge University"]
[WhiteTeamCountry "ENG"]
[BlackTeamCountry "ENG"]

1. e4 c5 2. Nf3 Nc6 3. Bb5 g6 4. Bxc6 dxc6 5. h3 Bg7 6. d3 Nf6 7. Nc3 0-0 8. Be3 b6 9. Qd2 Re8 10. Bh6 e5 11. Nh2 Bxh6 12. Qxh6 Qe7 13. 0-0 Nh5 14. Ne2 c4 15. dxc4 Be6 16. b3 Rad8 17. Nf3 f6 18. Ne1 b5 19. cxb5 cxb5 20. a4 b4 21. g4 Ng7 22. Qe3 Qc7 23. Rc1 f5 24. c3 fxg4 25. cxb4 Qf7 26. hxg4 Bxg4 27. f3 Be6 28. Rc3 Nh5 29. Ng2 Bh3 30. f4 Bxg2 31. Kxg2 exf4 32. Nxf4 Rf8 33. Qc1 Nxf4+ 34. Kh1 g5 0-1

[Event "BCF-chT1a 1516 (4NCL)"]
[Site "England"]
[Date "2016.03.19"]
[Round "7.115"]
[White "Arnott, Jonathan"]
[Black "Eggleston, David"]
[Result "0-1"]
[WhiteElo "2166"]
[BlackElo "2399"]
[PlyCount "56"]
[EventDate "2015.11.14"]
[EventType "team-tourn"]
[EventRounds "7"]
[EventCountry "ENG"]
[SourceTitle "CBM 171 Extra"]
[Source "ChessBase"]
[SourceDate "2016.04.26"]
[SourceVersion "1"]
[SourceVersionDate "2016.04.26"]
[SourceQuality "1"]
[WhiteTeam "White Rose II"]
[BlackTeam "Cheddleton"]
[WhiteTeamCountry "ENG"]
[BlackTeamCountry "ENG"]

1. e4 c5 2. Nf3 d6 3. Bb5+ Nd7 4. d4 cxd4 5. Qxd4 a6 6. Bxd7+ Bxd7 7. c4 Rc8 8. Nc3 e5 9. Qd3 Qc7 10. b3 b5 11. Nd5 Qc6 12. Nd2 Ne7 13. 0-0 Nxd5 14. exd5 Qb6 15. Ne4 f5 16. Ng5 Be7 17. Ne6 Bxe6 18. dxe6 0-0 19. Be3 bxc4 20. bxc4 Qc6 21. Rac1 f4 22. Bd2 f3 23. Qd5 fxg2 24. Kxg2 Qe8 25. Bb4 Rf4 26. Bxd6 Bxd6 27. e7+ Qf7 28. Qxd6 Rg4+ 0-1